Masonry walls and beam and block floors (Record no. 104167)

MARC details
000 -LEADER
fixed length control field 00987cam a2200241 4500
001 - CONTROL NUMBER
control field L129379
008 - FIXED-LENGTH DATA ELEMENTS--GENERAL INFORMATION
fixed length control field 050414n2003 000 0 eng u
020 ## - INTERNATIONAL STANDARD BOOK NUMBER
International Standard Book Number 186081638X
035 ## - SYSTEM CONTROL NUMBER
System control number (Sirsi) u129379
041 ## - LANGUAGE CODE
Language code of text/sound track or separate title eng
050 ## - LIBRARY OF CONGRESS CALL NUMBER
Classification number 690.16
-- 18
100 ## - MAIN ENTRY--PERSONAL NAME
Personal name Doran, Sean M.
245 ## - TITLE STATEMENT
Title Masonry walls and beam and block floors
260 ## - PUBLICATION, DISTRIBUTION, ETC.
Place of publication, distribution, etc. Watford
Name of publisher, distributor, etc. BRE
Date of publication, distribution, etc. 2003
300 ## - PHYSICAL DESCRIPTION
Extent 24p.
Dimensions 30cm.
350 ## - PRICE (NR) (BK AM CF MU VM SE) [OBSOLETE]
Price 12
490 ## - SERIES STATEMENT
Series statement BRE Special Digest
Volume/sequential designation SD4
520 ## - SUMMARY, ETC.
Summary, etc. Explains how the requirements of the building regulations for conservation of fuel and power may be satisfied using aggregate concrete blocks. It gives information on the relevant regulations, showing various routes to compliance, together with a number of examples involving aggregate concrete block constructions.
520 ## - SUMMARY, ETC.
Summary, etc. Superseded by 2007 edition (ISBN 9781860819803).
690 ## - LOCAL SUBJECT ADDED ENTRY--TOPICAL TERM (OCLC, RLIN)
Topical term or geographic name as entry element BUILT ENVIRONMENT-BUILDING ELEMENTS-COMPLETE BUILDING ELEMENTS
710 ## - ADDED ENTRY--CORPORATE NAME
Corporate name or jurisdiction name as entry element Building Research Establishment
942 ## - ADDED ENTRY ELEMENTS (KOHA)
Suppress in OPAC 0
Holdings
Withdrawn status Lost status Source of classification or shelving scheme Damaged status Not for loan Home library Current library Shelving location Date acquired Total Checkouts Full call number Barcode Date last seen Date last checked out Copy number Price effective from Koha item type
    Dewey Decimal Classification     London London Basement 14/04/2005 1 SHELF 323 30069767 06/08/2019 16/01/2007 1 06/08/2019 Book